| 000 | 00549nam a2200181Ia 4500 | ||
|---|---|---|---|
| 008 | 090123s9999 xx 000 0 und d | ||
| 082 | _b40059 | ||
| 100 | _aरघशेट्टी सुरेश | ||
| 245 | _aसंध्याकाळ | ||
| 250 | _a1 | ||
| 260 |
_bशिवम प्रकाशन _c2006 |
||
| 300 | _a175 | ||
| 600 | _aरघशेट्टी सुरेश | ||
| 630 | _aसंध्याकाळ | ||
| 700 | _aरघशेट्टी सुरेश | ||
| 730 | _aसंध्याकाळ | ||
| 942 | _cBOOK | ||
| 999 |
_c78133 _d78133 |
||